[Event "Open de Louviers"]
[Site "Louviers"]
[Date "2006.06.03"]
[Round "1"]
[White "Pytel, Krzysztof"]
[Black "Kulhaneck, Martial"]
[Result "1-0"]
[WhiteElo "2387"]
[BlackElo "1760"]
[PlyCount "75"]

1. d4 d5 2. Nf3 Nf6 3. c4 e6 4. Nc3 c6 5. e3 Bd6 6. Bd3 Nbd7 7. O-O O-O 8. e4
dxe4 9. Nxe4 Nxe4 10. Bxe4 Nf6 11. Bc2 Re8 12. Bg5 Be7 13. Qd3 g6 14. Rad1 Nh5
15. Bc1 Bd7 16. Ne5 Bd6 17. Qf3 Rf8 18. Bh6 Ng7 19. Rfe1 Be8 20. g3 Qe7 21. Ng4
Kh8 22. Nf6 Rd8 23. c5 Bb8 24. h4 b6 25. b4 bxc5 26. bxc5 a6 27. Bg5 Qa7 28.
Nxh7 Rd5 29. Nxf8 Kg8 30. Be4 Rxg5 31. hxg5 Kxf8 32. Bxc6 Nf5 33. Bxe8 Kxe8 34.
Qc6+ Kf8 35. Qc8+ Kg7 36. Rb1 Bxg3 37. fxg3 Nxd4 38. Rb8 1-0

[Event "Open de Louviers"]
[Site "Louviers"]
[Date "2006.06.03"]
[Round "1"]
[White "Grenet, Dominique"]
[Black "Bersoult, Francois"]
[Result "0-1"]
[WhiteElo "1690"]
[BlackElo "2233"]
[PlyCount "86"]

1. e4 c5 2. Nf3 e6 3. d4 cxd4 4. Nxd4 Nc6 5. Nc3 Qc7 6. g3 a6 7. Bg2 d6 8. O-O
Bd7 9. Be3 Nf6 10. Nf3 b5 11. a3 Rc8 12. Rb1 Na5 13. Nd2 Be7 14. Re1 O-O 15.
Rc1 Qb8 16. Na2 Bc6 17. Nb4 Bb7 18. Bf4 Qa8 19. b3 h6 20. f3 Nc6 21. Nxc6 Bxc6
22. b4 e5 23. Be3 d5 24. Bc5 Bxc5+ 25. bxc5 Qa7 26. Kh1 dxe4 27. fxe4 Qxc5 28.
Nb3 Qb6 29. h3 Rcd8 30. Qe2 a5 31. Rb1 a4 32. Nc1 Rd4 33. Nd3 Re8 34. Nf2 Red8
35. Rbd1 Qc5 36. Rxd4 Rxd4 37. Nd3 Qxa3 38. Nxe5 Nxe4 39. Kg1 Bb7 40. Qxb5 Qxg3
41. Nd3 Rxd3 42. Rxe4 Rd1+ 43. Qf1 Bxe4 0-1

[Event "Open de Louviers"]
[Site "Louviers"]
[Date "2006.06.03"]
[Round "1"]
[White "Drouineau, Olivier"]
[Black "Abdat, Rachid"]
[Result "0-1"]
[WhiteElo "1640"]
[BlackElo "2050"]
[PlyCount "92"]

1. d4 Nf6 2. c4 e6 3. Nc3 Be7 4. e3 b6 5. Nf3 Bb7 6. Be2 O-O 7. O-O d6 8. b3
Nbd7 9. Bb2 d5 10. Rc1 Ne4 11. Nd2 Bg5 12. Bd3 f5 13. Nf3 Bh6 14. cxd5 Nxc3 15.
Rxc3 Bxd5 16. Bc4 c6 17. Bxd5 cxd5 18. Qd3 g5 19. Ba3 Re8 20. Bd6 g4 21. Ne5
Nf6 22. Rc6 Rc8 23. Ba3 Rxc6 24. Nxc6 Qd7 25. Ne5 Qb7 26. Rc1 Rc8 27. Rxc8+
Qxc8 28. f3 gxf3 29. gxf3 Bf8 30. Bxf8 Kxf8 31. Qf1 Qc3 32. Kf2 f4 33. Qe2 Nh5
34. Nd3 fxe3+ 35. Qxe3 Qc2+ 36. Qe2 Qxe2+ 37. Kxe2 Ng7 38. Nf4 Ke7 39. a4 Kd6
40. b4 Nf5 41. Kd3 Nxd4 42. Kxd4 e5+ 43. Kd3 exf4 44. h3 a5 45. bxa5 bxa5 46.
Kd4 h6 0-1

[Event "Open de Louviers"]
[Site "Louviers"]
[Date "2006.06.03"]
[Round "1"]
[White "Boursier, Xavier"]
[Black "Arinal, Serge"]
[Result "1-0"]
[WhiteElo "2033"]
[BlackElo "1590"]
[PlyCount "65"]

1. e4 e6 2. d4 d5 3. e5 c5 4. c3 Nc6 5. Nf3 Nge7 6. Na3 cxd4 7. cxd4 Nf5 8. Nc2
Qb6 9. Bd3 Nfe7 10. O-O Nb4 11. Nxb4 Qxb4 12. Bd2 Qb6 13. Qe2 Nc6 14. Rfe1 Bd7
15. Bc3 Nb4 16. Bxb4 Bxb4 17. Red1 a6 18. Rac1 Ba4 19. Bc2 Bb5 20. Qe3 a5 21.
Qg5 g6 22. Qf6 Rf8 23. Bd3 Bxd3 24. Rxd3 Be7 25. Qf4 Qxb2 26. Rb3 Qxa2 27. Rxb7
Ba3 28. Qf6 Bb4 29. g3 Qa3 30. Rcc7 h6 31. Rxf7 Rxf7 32. Qxf7+ Kd8 33. Qd7# 1-0

[Event "Open de Louviers"]
[Site "Louviers"]
[Date "2006.06.03"]
[Round "1"]
[White "Billard, Sebastien"]
[Black "Vigneron, Frederic"]
[Result "0-1"]
[WhiteElo "1570"]
[BlackElo "2007"]
[PlyCount "52"]

1. e4 c5 2. Nc3 Nc6 3. f4 d6 4. Bb5 Bd7 5. Nf3 g6 6. O-O Bg7 7. d3 e6 8. Bxc6
Bxc6 9. Qe1 Ne7 10. Qh4 Qc7 11. a4 a6 12. Bd2 b6 13. Rae1 O-O-O 14. Ng5 Bf6 15.
Qg4 h5 16. Qh3 Rhf8 17. Nxf7 Bd4+ 18. Be3 Bxe3+ 19. Rxe3 Nf5 20. exf5 Qxf7 21.
fxg6 Qg7 22. Qxe6+ Kb8 23. Rg3 Rf6 24. Qc4 Rxg6 25. Rxg6 Qxg6 26. Qxa6 Qxg2#
0-1

[Event "Open de Louviers"]
[Site "Louviers"]
[Date "2006.06.03"]
[Round "1"]
[White "Heranval, Jacky"]
[Black "Cleaud, Cyril"]
[Result "0-1"]
[WhiteElo "1960"]
[BlackElo "1560"]
[PlyCount "92"]

1. Nf3 c5 2. g3 d5 3. Bg2 Nc6 4. O-O e5 5. d3 Nf6 6. Nbd2 Bf5 7. Nh4 Be6 8. e4
Be7 9. Nhf3 O-O 10. c3 Qd6 11. Ng5 Rad8 12. Nxe6 Qxe6 13. exd5 Nxd5 14. Re1 Qd7
15. Nf3 Bf6 16. Bg5 Bxg5 17. Nxg5 f6 18. Bh3 f5 19. Qb3 Na5 20. Qc2 Nc6 21.
Rad1 h6 22. Nf3 Qc7 23. Nh4 Nde7 24. Qb3+ Kh7 25. Qc2 g5 26. Nxf5 Nxf5 27. d4
Kg7 28. Bxf5 exd4 29. Re6 Rd6 30. Rxd6 Qxd6 31. cxd4 Nxd4 32. Be4 b6 33. Qd3
Rd8 34. Bg2 Ne2+ 35. Qxe2 Qxd1+ 36. Qxd1 Rxd1+ 37. Bf1 Rd2 38. b3 Rxa2 39. Bc4
Kf6 40. Kg2 a6 41. Kf3 b5 42. Bd5 Ke5 43. Bf7 a5 44. Ke3 a4 45. f4+ Kf6 46. Bd5
axb3 0-1

[Event "Open de Louviers"]
[Site "Louviers"]
[Date "2006.06.03"]
[Round "1"]
[White "Delacroix, Vincent"]
[Black "Gobbetto, Jean-Claude"]
[Result "0-1"]
[WhiteElo "1499"]
[BlackElo "1838"]
[PlyCount "58"]

1. e4 d5 2. Nc3 dxe4 3. Nge2 Nf6 4. Nb5 Bg4 5. h3 Bd7 6. Nec3 e5 7. d4 exd3 8.
Bxd3 Nc6 9. Be4 Nxe4 10. Nxe4 a6 11. Nbc3 Bb4 12. O-O O-O 13. Qg4 Bxg4 14. hxg4
Bxc3 15. bxc3 Qd5 16. Ng3 Rfd8 17. Bb2 Na5 18. Nf5 Qc5 19. a4 Nc4 20. Bc1 g6
21. Nh6+ Kg7 22. g5 Rd7 23. Ng4 Rad8 24. Be3 Nxe3 25. Nxe3 Qxc3 26. Ng4 Qxc2
27. Rac1 Qxa4 28. Nxe5 Rd1 29. Rxc7 Rxf1+ 0-1

[Event "Open de Louviers"]
[Site "Louviers"]
[Date "2006.06.03"]
[Round "1"]
[White "Berrou, Andre"]
[Black "Frigere, Guy"]
[Result "1-0"]
[WhiteElo "1790"]
[BlackElo "1440"]
[PlyCount "71"]

1. e4 c5 2. f4 Nc6 3. Nf3 d6 4. Nc3 e5 5. f5 Nf6 6. d3 Bd7 7. Bg5 Be7 8. Bxf6
Bxf6 9. Nd5 O-O 10. c3 b5 11. Be2 Bh4+ 12. g3 Bf6 13. O-O h5 14. Qd2 h4 15.
Nxf6+ Qxf6 16. Nxh4 Ne7 17. Nf3 d5 18. Qg5 dxe4 19. Qxf6 gxf6 20. dxe4 Bc6 21.
Nd2 Rad8 22. Rad1 Kg7 23. Bf3 c4 24. Kf2 Rd3 25. Nb1 Nxf5 26. Rxd3 cxd3 27.
exf5 e4 28. Bg4 Re8 29. Ke3 Kh6 30. Nd2 a5 31. Rf4 a4 32. a3 Kg7 33. Bh3 Rh8
34. Rh4 Rxh4 35. gxh4 Kh6 36. Bg4 1-0

[Event "Open de Louviers"]
[Site "Louviers"]
[Date "2006.06.03"]
[Round "1"]
[White "Voegele, Francois-Marie"]
[Black "Cruchet, Sebastien"]
[Result "0-1"]
[WhiteElo "1060"]
[BlackElo "1790"]
[PlyCount "54"]

1. e4 d5 2. Nc3 d4 3. Nd5 c6 4. Nf4 e5 5. d3 exf4 6. Bxf4 Nf6 7. Nf3 Bb4+ 8. c3
dxc3 9. bxc3 Bxc3+ 10. Nd2 Bxa1 11. Qxa1 Be6 12. Be2 Nbd7 13. O-O O-O 14. Qb2
Qb6 15. Qa3 Rfe8 16. Rb1 Qc5 17. Qa4 Nb6 18. d4 Nxa4 19. dxc5 Nc3 20. Rxb7
Nxe2+ 21. Kf1 Nxf4 22. e5 Nd7 23. Rc7 Nxe5 24. Rxc6 Nxc6 25. g3 Bh3+ 26. Kg1
Re1+ 27. Nf1 Rxf1# 0-1

[Event "Open de Louviers"]
[Site "Louviers"]
[Date "2006.06.03"]
[Round "2"]
[White "Vigneron, Frederic"]
[Black "Pytel, Krzysztof"]
[Result "0-1"]
[WhiteElo "2007"]
[BlackElo "2387"]
[PlyCount "38"]

1. d4 e6 2. c4 b6 3. Nf3 Bb7 4. g3 Bb4+ 5. Bd2 a5 6. Bg2 f5 7. O-O Nf6 8. Bg5
Be7 9. Nc3 O-O 10. d5 h6 11. Bxf6 Bxf6 12. dxe6 dxe6 13. Qc2 Na6 14. Rad1 Qe8
15. e4 Bxc3 16. Qxc3 Bxe4 17. Ne5 Nc5 18. Rd2 Bxg2 19. Kxg2 Ne4 0-1

[Event "Open de Louviers"]
[Site "Louviers"]
[Date "2006.06.03"]
[Round "2"]
[White "Bersoult, Francois"]
[Black "Gobbetto, Jean-Claude"]
[Result "1-0"]
[WhiteElo "2233"]
[BlackElo "1838"]
[PlyCount "67"]

1. d4 Nf6 2. Nf3 g6 3. c4 c5 4. d5 b5 5. cxb5 a6 6. bxa6 Bxa6 7. Nc3 d6 8. g3
Bg7 9. Bg2 O-O 10. O-O Nbd7 11. Rb1 Qc7 12. Qc2 Rfb8 13. Rd1 Nb6 14. b3 Qa7 15.
Bb2 c4 16. Nd4 cxb3 17. axb3 Qc7 18. Nc6 Rc8 19. b4 Bc4 20. b5 Ng4 21. Bh3 f5
22. Bxg4 fxg4 23. Qe4 Re8 24. Qxg4 Bxc3 25. Qe6+ Kf8 26. Bxc3 Qc8 27. Qe3 Qh3
28. Qxb6 Bxe2 29. Qe3 Bxd1 30. Rxd1 Qh5 31. Qd4 Qh6 32. b6 e5 33. dxe6 Rxe6 34.
Qh8+ 1-0

[Event "Open de Louviers"]
[Site "Louviers"]
[Date "2006.06.03"]
[Round "2"]
[White "Cruchet, Sebastien"]
[Black "Colliou, Yannick"]
[Result "0-1"]
[WhiteElo "1790"]
[BlackElo "2209"]
[PlyCount "48"]

1. e4 c5 2. Nf3 e6 3. d4 cxd4 4. Nxd4 Nc6 5. Nc3 a6 6. Be2 Bb4 7. O-O Qc7 8.
Be3 Nf6 9. Nxc6 bxc6 10. Bd3 d5 11. exd5 cxd5 12. Na4 Bb7 13. a3 Bd6 14. h3 Qc6
15. f3 Qxa4 16. Rc1 O-O 17. Qe1 Bf4 18. c4 Bxe3+ 19. Qxe3 dxc4 20. Rxc4 Qd7 21.
Rd1 Bd5 22. Rf4 Qa7 23. Rd4 Bb3 24. Rd2 Rad8 0-1

[Event "Open de Louviers"]
[Site "Louviers"]
[Date "2006.06.03"]
[Round "2"]
[White "Abdat, Rachid"]
[Black "Berrou, Andre"]
[Result "1-0"]
[WhiteElo "2050"]
[BlackElo "1790"]
[PlyCount "89"]

1. e4 e5 2. Nf3 Nc6 3. d4 exd4 4. c3 d3 5. Bxd3 Bc5 6. a4 a6 7. Bg5 Nge7 8. O-O
O-O 9. Nbd2 f6 10. Bf4 Ng6 11. Bg3 Nge5 12. Bc2 d6 13. b4 Ba7 14. b5 axb5 15.
axb5 Nxf3+ 16. Nxf3 Ne5 17. Nd4 Bd7 18. Bb3+ Kh8 19. h3 Qe8 20. c4 Bc5 21. Rxa8
Qxa8 22. f4 Ng6 23. Kh2 Qe8 24. Qd3 c6 25. Re1 Rf7 26. Bc2 Re7 27. bxc6 bxc6
28. Qc3 Nf8 29. Nb3 Bb6 30. Rd1 d5 31. cxd5 cxd5 32. exd5 Re3 33. Rd3 Rxd3 34.
Qxd3 Qe3 35. Qxe3 Bxe3 36. Bd3 f5 37. Na5 Ng6 38. Nc4 Bxf4 39. Nb6 Bxg3+ 40.
Kxg3 Ne5 41. Bb1 g5 42. Nxd7 Nxd7 43. Bxf5 Nf6 44. d6 Kg7 45. d7 1-0

[Event "Open de Louviers"]
[Site "Louviers"]
[Date "2006.06.03"]
[Round "2"]
[White "Cleaud, Cyril"]
[Black "Boursier, Xavier"]
[Result "1-0"]
[WhiteElo "1560"]
[BlackElo "2033"]
[PlyCount "61"]

1. e4 e6 2. d4 d5 3. exd5 exd5 4. Bd3 Nc6 5. c3 Bd6 6. Ne2 Nge7 7. O-O Bf5 8.
Bf4 Bxf4 9. Nxf4 Qd7 10. Nd2 g5 11. Bxf5 Qxf5 12. Nh5 O-O-O 13. f4 gxf4 14.
Rxf4 Qg6 15. Nb3 Rdg8 16. Qf3 Qc2 17. Qf2 Qxf2+ 18. Rxf2 f5 19. Raf1 Rg5 20.
Nf4 Rhg8 21. Nd2 Kd7 22. Nf3 Rg4 23. Ne5+ Nxe5 24. dxe5 Rf8 25. g3 Kc6 26. Ne6
Rfg8 27. Rf4 R8g6 28. Rxg4 Rxe6 29. Rg7 Rxe5 30. Rxh7 Kd6 31. Kf2 1-0

[Event "Open de Louviers"]
[Site "Louviers"]
[Date "2006.06.03"]
[Round "2"]
[White "Arinal, Serge"]
[Black "Heranval, Jacky"]
[Result "0-1"]
[WhiteElo "1590"]
[BlackElo "1960"]
[PlyCount "78"]

1. Nf3 d5 2. g3 Nf6 3. Bg2 c6 4. d4 Bf5 5. Nbd2 e6 6. Nh4 Bd6 7. Nxf5 exf5 8.
e3 O-O 9. O-O Nbd7 10. c4 Ne4 11. cxd5 cxd5 12. Qb3 Ndf6 13. Nf3 Qe7 14. Nh4 g6
15. Nf3 Kg7 16. a3 Rac8 17. Bd2 Rc4 18. Be1 Rfc8 19. Nd2 Nxd2 20. Bxd2 Ne4 21.
Rad1 b6 22. Qb5 Qe6 23. Rfe1 Rc2 24. Re2 h5 25. Bc3 Rxe2 26. Qxe2 Nxc3 27. bxc3
Rxc3 28. Qa6 Rxa3 29. Qb7 Ra5 30. Rc1 h4 31. Qa8 hxg3 32. hxg3 Bxg3 33. Rc6
Ra1+ 34. Bf1 Qe4 35. fxg3 Qf3 36. Rxg6+ fxg6 37. Qb7+ Kh6 38. Qc7 Rxf1+ 39. Kh2
Qh1# 0-1

[Event "Open de Louviers"]
[Site "Louviers"]
[Date "2006.06.03"]
[Round "2"]
[White "Kulhaneck, Martial"]
[Black "Billard, Sebastien"]
[Result "1-0"]
[WhiteElo "1760"]
[BlackElo "1570"]
[PlyCount "117"]

1. d4 f5 2. Nf3 Nf6 3. Bg5 e6 4. e3 Be7 5. Nbd2 O-O 6. Bd3 d6 7. O-O Qe8 8. c3
b6 9. Qb3 Qd7 10. Bxf5 Kh8 11. Bd3 Bb7 12. Qc2 Qe8 13. Bxf6 Rxf6 14. e4 Nd7 15.
Rae1 e5 16. Bc4 Qh5 17. Re3 Raf8 18. Be2 Qh6 19. h3 Rg6 20. Nh2 Qh4 21. Qd3 Bg5
22. Ndf3 Qf4 23. Nxg5 Qxg5 24. Rg3 Qf6 25. Rxg6 Qxg6 26. Bf3 Bc8 27. Ng4 Nf6
28. Nxf6 Rxf6 29. dxe5 Re6 30. Bg4 Re8 31. Bxc8 Rxc8 32. exd6 cxd6 33. Rd1 h6
34. Qd4 Qf7 35. a3 Qb3 36. Rd2 Qe6 37. f3 Rc5 38. Qxd6 Qf7 39. Rd5 Rxd5 40.
Qxd5 Qf4 41. Qd1 Qe3+ 42. Kf1 Qc5 43. Qe2 Qg5 44. e5 Qc1+ 45. Kf2 Qf4 46. g3
Qf8 47. f4 Qc5+ 48. Qe3 Qb5 49. e6 Qxb2+ 50. Kf3 Qb1 51. e7 Qh1+ 52. Kg4 Qd1+
53. Kh4 g5+ 54. fxg5 hxg5+ 55. Qxg5 Qa4+ 56. g4 Kh7 57. Qh5+ Kg7 58. e8=Q Qf4
59. Qhg6# 1-0

[Event "Open de Louviers"]
[Site "Louviers"]
[Date "2006.06.03"]
[Round "2"]
[White "Delacroix, Vincent"]
[Black "Grenet, Dominique"]
[Result "0-1"]
[WhiteElo "1499"]
[BlackElo "1690"]
[PlyCount "50"]

1. e4 e5 2. Nc3 Nf6 3. Bc4 c6 4. d4 d6 5. dxe5 dxe5 6. Bxf7+ Ke7 7. Qxd8+ Kxd8
8. Nf3 Bd6 9. O-O Bg4 10. Ng5 h6 11. Ne6+ Ke7 12. f3 Bxe6 13. Bxe6 Kxe6 14. Be3
Nbd7 15. f4 Rhf8 16. fxe5 Bxe5 17. Na4 b6 18. Rab1 Ng4 19. Rxf8 Rxf8 20. Bd2
Bxh2+ 21. Kh1 Bg3 22. Nc3 Rf2 23. e5 Rxd2 24. Ne4 Nf2+ 25. Kg1 Nxe4 0-1

[Event "Open de Louviers"]
[Site "Louviers"]
[Date "2006.06.03"]
[Round "2"]
[White "Blondel, Jean-Michel"]
[Black "Voegele, Francois-Marie"]
[Result "1-0"]
[WhiteElo "1640"]
[BlackElo "1060"]
[PlyCount "33"]

1. e4 e5 2. Nf3 Nc6 3. d4 d6 4. Bb5 Be6 5. d5 Be7 6. dxc6 Rb8 7. cxb7+ c6 8.
Bxc6+ Kf8 9. Be3 a5 10. Ba7 Qc7 11. Bxb8 Qxc6 12. Nc3 Qxb7 13. Bxd6 Qb6 14.
Bxe7+ Nxe7 15. Na4 Qb4+ 16. Nc3 Qxb2 17. Qd8# 1-0

[Event "Open de Louviers"]
[Site "Louviers"]
[Date "2006.06.03"]
[Round "2"]
[White "Frigere, Guy"]
[Black "Drouineau, Olivier"]
[Result "1-0"]
[WhiteElo "1440"]
[BlackElo "1640"]
[PlyCount "97"]

1. e4 d5 2. exd5 Nf6 3. Bb5+ Bd7 4. Nc3 Bxb5 5. Nxb5 Nxd5 6. Ne2 e6 7. a3 Be7
8. d4 c6 9. Nbc3 O-O 10. Bd2 Nd7 11. Ng3 N7f6 12. h4 Bd6 13. Bg5 h6 14. Nge4
Be7 15. Bd2 Re8 16. Qf3 Nxc3 17. bxc3 Nxe4 18. Qxe4 Qd5 19. Qxd5 exd5 20. Kd1
Bf6 21. g4 Re6 22. g5 Be7 23. gxh6 gxh6 24. Kc1 Re8 25. Kb2 Kh7 26. f4 Re2 27.
Rad1 f5 28. Bc1 Bd6 29. Rhg1 Rh2 30. Rde1 Ree2 31. Rxe2 Rxe2 32. h5 Re6 33. Kb3
c5 34. dxc5 Bxc5 35. Rg2 b5 36. Bb2 a6 37. Ka2 Rd6 38. Re2 d4 39. cxd4 Bxd4 40.
Bxd4 Rxd4 41. Re6 Rxf4 42. Rxa6 Rf2 43. Kb2 Re2 44. Ra5 f4 45. Rxb5 Kg7 46. Rf5
Re4 47. Kb3 Re3+ 48. Kb4 f3 49. c4 1-0

[Event "Open de Louviers"]
[Site "Louviers"]
[Date "2006.06.04"]
[Round "3"]
[White "Pytel, Krzysztof"]
[Black "Abdat, Rachid"]
[Result "1-0"]
[WhiteElo "2387"]
[BlackElo "2050"]
[PlyCount "35"]

1. d4 Nf6 2. Nf3 d6 3. c4 g6 4. Nc3 Bg7 5. Bf4 O-O 6. e3 Nbd7 7. h3 Re8 8. Be2
c6 9. O-O Nh5 10. Bh2 Nhf6 11. Rb1 Nb6 12. e4 d5 13. exd5 cxd5 14. c5 Nbd7 15.
Nb5 Nf8 16. Nc7 Bf5 17. Nxe8 Bxb1 18. Nxf6+ 1-0

[Event "Open de Louviers"]
[Site "Louviers"]
[Date "2006.06.04"]
[Round "3"]
[White "Colliou, Yannick"]
[Black "Bersoult, Francois"]
[Result "1/2-1/2"]
[WhiteElo "2209"]
[BlackElo "2233"]
[PlyCount "22"]

1. d4 Nf6 2. Nf3 e6 3. c4 d5 4. Nc3 Be7 5. Bg5 h6 6. Bf4 O-O 7. e3 c5 8. dxc5
Bxc5 9. Be5 Nbd7 10. Bd4 Bd6 11. Nb5 Bb4+ 1/2-1/2

[Event "Open de Louviers"]
[Site "Louviers"]
[Date "2006.06.04"]
[Round "3"]
[White "Gobbetto, Jean-Claude"]
[Black "Cleaud, Cyril"]
[Result "1-0"]
[WhiteElo "1838"]
[BlackElo "1560"]
[PlyCount "71"]

1. c4 c5 2. g3 Nc6 3. Nc3 Nf6 4. Bg2 e6 5. e4 d6 6. d3 g6 7. a3 Bg7 8. Bd2 Nd4
9. Nge2 Rb8 10. a4 a6 11. Ra3 Qb6 12. Nxd4 cxd4 13. Rb3 Qc5 14. Ne2 e5 15. Bb4
Qc7 16. Ba3 Bd7 17. Rb4 a5 18. Rb5 Bxb5 19. axb5 O-O 20. O-O Nd7 21. f4 Rfe8
22. f5 Nc5 23. g4 Qe7 24. Ng3 Qg5 25. Bxc5 dxc5 26. h3 Qh4 27. Qf3 Bh6 28. fxg6
Bf4 29. gxh7+ Kxh7 30. Nf5 Qf6 31. h4 Rh8 32. g5 Qe6 33. Bh3 Qb6 34. Qh5+ Kg8
35. Nh6+ Kf8 36. Qxf7# 1-0

[Event "Open de Louviers"]
[Site "Louviers"]
[Date "2006.06.04"]
[Round "3"]
[White "Boursier, Xavier"]
[Black "Cruchet, Sebastien"]
[Result "1-0"]
[WhiteElo "2033"]
[BlackElo "1790"]
[PlyCount "119"]

1. e4 e5 2. f4 exf4 3. Nf3 Be7 4. Bc4 Bh4+ 5. Kf1 Be7 6. d4 d6 7. Bxf4 Nf6 8.
Qe2 O-O 9. Nbd2 Bg4 10. h3 Bh5 11. g4 Bg6 12. Bd3 Nc6 13. c3 Re8 14. Re1 Bf8
15. Bg5 h6 16. Bh4 Qd7 17. Bxf6 gxf6 18. Qg2 Ne7 19. Kf2 d5 20. Nh4 Bh7 21. Qf3
Bg7 22. exd5 Bxd3 23. Qxd3 Qxd5 24. Qc4 Qg5 25. Nhf3 Qf4 26. Re4 Qd6 27. Rhe1
Kf8 28. Qe2 Qd7 29. Nh4 Rad8 30. Nf5 Nxf5 31. Rxe8+ Rxe8 32. Qxe8+ Qxe8 33.
Rxe8+ Kxe8 34. gxf5 Kd7 35. Ne4 Kc6 36. c4 Kd7 37. Kg3 b6 38. Kh4 Ke8 39. Kh5
Kf8 40. Nc3 a6 41. Nd5 c5 42. dxc5 bxc5 43. Nc3 Ke7 44. Ne4 a5 45. Nxc5 Kd6 46.
Nb7+ Ke5 47. Nxa5 Kxf5 48. b4 Ke4 49. Nb7 Bf8 50. c5 Kd5 51. Kg4 Be7 52. Kf5
Kc6 53. Na5+ Kb5 54. a3 Bd8 55. Nb7 Be7 56. Nd6+ Ka4 57. b5 Bxd6 58. cxd6 Kxb5
59. Kxf6 Kc6 60. Ke7 1-0

[Event "Open de Louviers"]
[Site "Louviers"]
[Date "2006.06.04"]
[Round "3"]
[White "Grenet, Dominique"]
[Black "Vigneron, Frederic"]
[Result "0-1"]
[WhiteElo "1690"]
[BlackElo "2007"]
[PlyCount "64"]

1. e4 c5 2. Nf3 Nc6 3. d4 cxd4 4. Nxd4 Nf6 5. Nc3 e5 6. Nxc6 bxc6 7. Bd3 Be7 8.
O-O O-O 9. Ne2 d5 10. exd5 cxd5 11. Ng3 e4 12. Be2 Be6 13. b3 Qc7 14. Bb2 Ne8
15. c3 f5 16. Qd2 f4 17. Nxe4 dxe4 18. Qd4 f3 19. Qxe4 fxe2 20. Qxe6+ Kh8 21.
Qxe2 Nf6 22. Rae1 Rae8 23. g3 Bc5 24. Qd1 Ne4 25. Re2 Qc6 26. c4 Ng5 27. h4
Nf3+ 28. Kg2 Nxh4+ 29. Kh3 Nf3 30. Bc1 Rd8 31. Bd2 Qd7+ 32. Kg2 Nxd2 0-1

[Event "Open de Louviers"]
[Site "Louviers"]
[Date "2006.06.04"]
[Round "3"]
[White "Heranval, Jacky"]
[Black "Kulhaneck, Martial"]
[Result "1-0"]
[WhiteElo "1960"]
[BlackElo "1760"]
[PlyCount "61"]

1. e4 c5 2. Nc3 Nc6 3. f4 d6 4. Nf3 Nf6 5. Bb5 Bd7 6. O-O a6 7. Bc4 b5 8. Bxf7+
Kxf7 9. e5 Ne8 10. e6+ Kg8 11. exd7 Nf6 12. Qe2 Qxd7 13. a4 b4 14. Ne4 Nxe4 15.
Qxe4 d5 16. Qe2 g6 17. c3 Bg7 18. Ng5 bxc3 19. dxc3 h6 20. Ne6 c4 21. Nxg7 Kxg7
22. Be3 Rhf8 23. Rf3 Rf7 24. Raf1 Raf8 25. Kh1 e5 26. fxe5 Kh7 27. Bd4 Rxf3 28.
Rxf3 Re8 29. Rf6 Re6 30. Qg4 Nd8 31. Qxg6+ 1-0

[Event "Open de Louviers"]
[Site "Louviers"]
[Date "2006.06.04"]
[Round "3"]
[White "Billard, Sebastien"]
[Black "Frigere, Guy"]
[Result "1-0"]
[WhiteElo "1570"]
[BlackElo "1440"]
[PlyCount "55"]

1. e4 c5 2. Nc3 Nc6 3. f4 d6 4. Bb5 Bd7 5. Nf3 g6 6. O-O Bg7 7. d3 Qb6 8. Bxc6
Bxc6 9. Kh1 h5 10. Qe1 O-O-O 11. a4 a5 12. Nd2 Qc7 13. Nc4 b6 14. Na3 h4 15. h3
Qd7 16. Nd5 Kb7 17. Nc4 Bxd5 18. exd5 Nf6 19. Ra3 Kc7 20. c3 Nh5 21. Qxh4 Bf6
22. Qf2 Ng7 23. b4 axb4 24. cxb4 Nf5 25. Nxb6 Kxb6 26. bxc5+ Kc7 27. cxd6+ Qxd6
28. Qa7+ 1-0

[Event "Open de Louviers"]
[Site "Louviers"]
[Date "2006.06.04"]
[Round "3"]
[White "Drouineau, Olivier"]
[Black "Delacroix, Vincent"]
[Result "1-0"]
[WhiteElo "1640"]
[BlackElo "1499"]
[PlyCount "67"]

1. d4 d6 2. c4 Nf6 3. Nc3 g6 4. e3 Bg7 5. Nf3 Nbd7 6. Be2 O-O 7. O-O b6 8. b3
Bb7 9. Qc2 e6 10. Bb2 d5 11. cxd5 exd5 12. Rac1 c6 13. b4 b5 14. Rfd1 Qc7 15.
Nxb5 Qb8 16. Nc3 Qd6 17. a3 Rfe8 18. Na4 Rac8 19. Nc5 Nxc5 20. Qxc5 Qb8 21. Qc2
Re4 22. Bd3 Rg4 23. h3 Rxg2+ 24. Kxg2 Re8 25. Qb3 g5 26. Nxg5 Bh6 27. Nf3 Bxe3
28. fxe3 Nh5 29. Rg1 Kh8 30. Kf2 Qd8 31. Bxh7 Kxh7 32. Qd3+ Re4 33. Ng5+ Kh8
34. Nxf7+ 1-0

[Event "Open de Louviers"]
[Site "Louviers"]
[Date "2006.06.04"]
[Round "3"]
[White "Voegele, Francois-Marie"]
[Black "Arinal, Serge"]
[Result "0-1"]
[WhiteElo "1060"]
[BlackElo "1590"]
[PlyCount "82"]

1. e4 e6 2. Nc3 d5 3. d3 Nf6 4. Be3 d4 5. Bxd4 Qxd4 6. Qe2 Bb4 7. Nf3 Bxc3+ 8.
bxc3 Qxc3+ 9. Nd2 Qxa1+ 10. Qd1 Qxd1+ 11. Kxd1 Nc6 12. Be2 Nd4 13. Bf1 Ng4 14.
f4 Nf2+ 15. Ke1 Nxh1 16. g4 Nxc2+ 17. Kd1 Ne3+ 18. Ke2 Nxg4 19. h3 Nf6 20. e5
Nd5 21. Kf3 Bd7 22. d4 Bc6 23. h4 Nc3+ 24. Ke3 Ng3 25. Bc4 Nf5+ 26. Kd3 Nb5 27.
h5 Rd8 28. Nb3 Nbxd4 29. Nc5 b6 30. Na6 Nb5+ 31. Ke2 Ke7 32. Nb4 Nbd4+ 33. Kd3
Bb5 34. Bxb5 Nxb5+ 35. Ke4 Rd4+ 36. Kf3 Rxb4 37. Kg4 Rd8 38. Kf3 Rd3+ 39. Kg4
h6 40. a3 Rb2 41. a4 Rg2# 0-1

[Event "Open de Louviers"]
[Site "Louviers"]
[Date "2006.06.04"]
[Round "4"]
[White "Bersoult, Francois"]
[Black "Pytel, Krzysztof"]
[Result "1-0"]
[WhiteElo "2233"]
[BlackElo "2387"]
[PlyCount "103"]

1. Nf3 e6 2. c4 f5 3. g3 Nf6 4. Bg2 Be7 5. O-O O-O 6. d3 d6 7. Nc3 e5 8. b4 Kh8
9. a4 Qe8 10. b5 Nbd7 11. a5 a6 12. e3 Nc5 13. bxa6 Rxa6 14. d4 exd4 15. exd4
Nce4 16. Nb5 Qd8 17. d5 c6 18. dxc6 bxc6 19. Nbd4 c5 20. Nb3 Be6 21. Qc2 d5 22.
Rd1 d4 23. Bb2 Qc7 24. Ra3 Rb8 25. Rda1 Rb4 26. Nfd2 Qb8 27. R3a2 Bd6 28. Ba3
Ra4 29. Bb2 Rxa2 30. Rxa2 Nxd2 31. Nxd2 Bd7 32. Qb3 Qd8 33. Qa3 Qc7 34. Ra1 Bc6
35. Bxc6 Qxc6 36. Qb3 Bc7 37. Qb5 Qxb5 38. cxb5 Rxa5 39. Rxa5 Bxa5 40. Nc4 Bb4
41. Bc1 d3 42. b6 Nd7 43. b7 Kg8 44. Kf1 Nb8 45. Bf4 Na6 46. b8=Q+ Nxb8 47.
Bxb8 Kf7 48. Ne5+ Ke6 49. Nxd3 Ba3 50. Nf4+ Kf7 51. Bd6 g5 52. Nd3 1-0

[Event "Open de Louviers"]
[Site "Louviers"]
[Date "2006.06.04"]
[Round "4"]
[White "Abdat, Rachid"]
[Black "Colliou, Yannick"]
[Result "0-1"]
[WhiteElo "2050"]
[BlackElo "2209"]
[PlyCount "114"]

1. e4 g6 2. d4 Bg7 3. Nf3 d6 4. Bc4 a6 5. Nc3 b5 6. Bd5 c6 7. Bb3 Qc7 8. O-O
Nd7 9. Ne2 Bb7 10. c3 Ngf6 11. Ng3 O-O 12. Re1 e5 13. h3 Rad8 14. Qe2 c5 15.
dxe5 dxe5 16. Bg5 c4 17. Bc2 h6 18. Be3 Nc5 19. Bxc5 Qxc5 20. a3 Rd6 21. Rad1
Rfd8 22. Rxd6 Rxd6 23. Rd1 Nd7 24. Rxd6 Qxd6 25. Qd2 Qxd2 26. Nxd2 Nc5 27. a4
h5 28. axb5 axb5 29. Kf1 Bh6 30. Ke2 h4 31. Ngf1 Bxd2 32. Nxd2 Kf8 33. Ke3 Ke7
34. Nf3 Ke6 35. Nxh4 Bc6 36. Nf3 f5 37. Ng5+ Kf6 38. h4 f4+ 39. Ke2 Bd7 40. g3
fxg3 41. fxg3 Bg4+ 42. Ke3 Ke7 43. Nf3 Kf6 44. Nh2 Bd7 45. Kf3 Bc6 46. Nf1 Ke6
47. Ne3 Kd6 48. g4 Be8 49. Nd5 Bf7 50. Nf6 Ke6 51. g5 Kd6 52. Ke3 Ne6 53. b3
Nf4 54. bxc4 Bxc4 55. Kf3 Be6 56. Ng4 Bc4 57. Ne3 57... Kc5 {Temps} 0-1

[Event "Open de Louviers"]
[Site "Louviers"]
[Date "2006.06.04"]
[Round "4"]
[White "Gobbetto, Jean-Claude"]
[Black "Boursier, Xavier"]
[Result "0-1"]
[WhiteElo "1838"]
[BlackElo "2033"]
[PlyCount "52"]

1. c4 Nf6 2. Nc3 g6 3. g3 Bg7 4. Bg2 O-O 5. Rb1 c6 6. e4 e5 7. d3 d6 8. Bd2 Be6
9. Qb3 b5 10. Nf3 h6 11. a3 Na6 12. Nd1 bxc4 13. dxc4 Nxe4 14. Qc2 Nxd2 15.
Nxd2 Bf5 16. Be4 Bxe4 17. Qxe4 d5 18. cxd5 cxd5 19. Qe2 Nc7 20. O-O Ne6 21. Nf3
e4 22. Nh4 Nd4 23. Qd2 g5 24. Kg2 gxh4 25. gxh4 Qxh4 26. Kh1 Nf3 0-1